000 00423ntaaa2200181 4500
003 01
005 20251027202108.0
008 0714s1973 ag 01
040 _aAR-BaBN
_bspa
_cAR-BaBN
_eaacr
_dRIC
082 _a252.0100 H66
100 _aHodges, Graham R
245 _a50 children's sermons
250 _a1 ed.
260 _aNew York :
_bAbingdon,
_cc1957
300 _a95 p
650 _asermones-niƱos
942 _cBK
999 _c15795
_d15795